000 00408pab a2200169 454500
008 180718b2000 xxu||||| |||| 00| 0 eng d
100 _aMustafa, Seema
245 _aThis fort needs no repair
260 _c2000
300 _ap.12
362 _a30 Jan
650 _aIndia - Politics and government
650 _aIndia - Constitution
650 _aConstitutions
773 _aAsian Age
909 _a45082
999 _c45082
_d45082